Normal view
MARC view
Entry Personal Name
001 - CONTROL NUMBER
- control field: 18604
003 - CONTROL NUMBER IDENTIFIER
- control field: OSt
005 - DATE AND TIME OF LATEST TRANSACTION
- control field: 20240710104018.0
008 - FIXED-LENGTH DATA ELEMENTS
- fixed length control field: 240710|| aca||aabn | a|a d
040 ## - CATALOGING SOURCE
- Original cataloging agency: OSt
- Transcribing agency: OSt
100 ## - HEADING--PERSONAL NAME
- Personal name: Kirton, Derek
670 ## - SOURCE DATA FOUND
- Source citation: Work cat.: (OSt)9136: Kirton, Derek., Child social work policy & practice /, c2009.
